UK Members of Parliament by Picture - Statistics

General Stats
  • This quiz has been taken 65 times
  • The average score is 26 of 40
Answer Stats
Picture Answer % Correct
Rishi Sunak
100%
Keir Starmer
98%
Nigel Farage
98%
Jeremy Corbyn
93%
Kemi Badenoch
93%
Angela Rayner
88%
David Lammy
88%
Rachel Reeves
88%
Jeremy Hunt
84%
Yvette Cooper
80%
Ed Davey
79%
Priti Patel
79%
Wes Streeting
79%
Daisy Cooper
77%
Diane Abbott
77%
Suella Braverman
77%
James Cleverly
73%
Lindsay Hoyle
71%
Lee Anderson
70%
Robert Jenrick
68%
Richard Tice
66%
Jess Phillips
59%
Oliver Dowden
57%
Carla Denyer
55%
Stephen Flynn
55%
Lisa Nandy
54%
Tim Farron
54%
Zarah Sultana
54%
Emily Thornberry
52%
Iain Duncan Smith
52%
Tom Tugendhat
52%
John Healey
50%
John McDonnell
41%
Gavin Williamson
39%
Mel Stride
39%
Chris Philp
38%
Laura Trott
30%
Caroline Nokes
27%
Andrew Mitchell
21%
Sammy Wilson
21%
No matching quizzes found
Score Distribution
Percent of People with Each Score
Percentile by Number Answered
Your Score History
You have not taken this quiz